000 00608nam a2200241Ia 4500
003 OSt
005 20220918182006.0
006 a|||||r|||| 00| 0
007 ta
008 220917b |||||||| |||| 00| 0 eng d
024 _a29,839
037 _cTextual
040 _aARTS
_cARTS
_beng
041 _2eng
_aeng
082 _aO111,3N143,L, M1
100 _aFast Howard
_954921
245 0 _aLegacy
260 _aN York
_bDell Pub
_c1981
300 _a443p.
_ccm.
650 _aENGLISH LITERATURE
942 _hO111,3N143,L, M1
_cTEXL
_2CC
999 _c167482
_d167482